Culture of honor : the psychology of violence in the South
Saved in:
| Main Author: | |
|---|---|
| Other Authors: | |
| Format: | Book |
| Language: | English |
| Published: |
Boulder :
Westview Press,
1996
|
| Series: | New directions in social psychology
|
| Subjects: | |
| Tags: |
Add Tag
No Tags, Be the first to tag this record!
|
MARC
| LEADER | 00000nam a2200000 i 4500 | ||
|---|---|---|---|
| 001 | 1/73799 | ||
| 008 | 080207s1996 eng d | ||
| 020 | |a 0-8133-1993-5 | ||
| 035 | |l 10094476 | ||
| 040 | |a GR-MY-UA |b gre |e aacr | ||
| 041 | 0 | |a eng | |
| 082 | 0 | |a 303.60975 |2 (22) | |
| 100 | 1 | |a Nisbett, Richard E. | |
| 245 | 1 | 0 | |a Culture of honor : |b the psychology of violence in the South / |c Richard E. Nisbett, Dov Cohen |
| 260 | |a Boulder : |b Westview Press, |c 1996 | ||
| 300 | |a xviii, 119 σ.; |b διαγρ.; |c 25 εκ. | ||
| 490 | 1 | |a New directions in social psychology | |
| 504 | |a Βιβλιογραφία: σ. 105-113 | ||
| 504 | |a Ευρετήριο: σ. 117-119 | ||
| 650 | 0 | 0 | |a Violence |z Southern States |x Psychological aspects. |
| 650 | 0 | 0 | |a Violence |z Southern States |x History. |
| 651 | 0 | |a Southern States |x Social conditions. | |
| 700 | 1 | |a Cohen, Dov. | |
| 830 | 0 | |a New directions in social psychology | |
| 852 | |a INST |b LESVOS |e 20080207 |h 303.60975 NIS |p 005100040700 |q 005100040700 |t BK |y 0 | ||
| 901 | |a BIBL1-2008-1 | ||
| 909 | |a Λ |b 145403 | ||
| 922 | |a 1ΕΛΗ |b 200801 |c ΕΠΕΑΕΚ2/ΤΚ |d ΠΑΠΑΣΩΤΗΡΙΟΥ | ||
| 970 | |a ΧΑΤΖΗΜΙΧΑΗΛ |b ΜΑΡΙΑ |z 2008/02/07 | ||